Statistics for Italian Serie A Teams Quiz 2015/2016

Click here to take the quiz!

General Stats

  • This quiz has been taken 73 times
  • The average score is 15 of 20

Answer Stats

Answer% Correct
Juventus
100%
Roma
98%
Inter
95%
Napoli
94%
Milan
94%
Lazio
94%
Torino
81%
Udinese
81%
Genoa
81%
Fiorentina
78%
Chievo
76%
Atalanta
76%
Bologna
73%
Palermo
73%
Sampdoria
73%
Sassuolo
67%
Hellas Verona
59%
Frosinone
51%
Empoli
49%
Carpi
46%

Score Distribution

Percentile by Number Answered

Percent of People with Each Score

Your Score History

You have not taken this quiz